Bodengeoquiz - Uni HD Teil 6 - Statistiken

Allgemein
  • Dieses Quiz wurde 263 mal gespielt
  • Das Durchschnittsergebnis liegt bei 12 aus 22
Antwortstatistiken
Horizontabfolge nach WRB Boden % Korrekt
Ah - E -Bh - Bs - C Podsol
78%
Ah - E - Bt - C Luvisol
76%
Ah - Bw - C Cambisol
73%
Ah - C Chernozem
72%
A - Cyc - Cy - C Gypsisol
69%
A(z) - C(z) Solonchak
67%
Ak -Ckc - Ck - C Calcisol
64%
Ah - E - E/Bt - Bt - C Albeluvisol
62%
Ah - Ck - C Kastanozem
55%
A - CBz - Cw - Cf Cryosol
54%
Ah - E - Btn - Ck - 2Cg Solonetz
50%
Ah - Bi - C Vertisol
49%
Ah - Eg - Btxg - C Stagnic Luvisol
48%
Ah - Bw - Ck - C Phaeozem
47%
Ah - Bg - Cr - Cf/R Gleysol
46%
Ah - Bo1 - Bo2 - Bt - Cw Ferralsol
43%
A - Alp - Ax - B - C - Cr Nassreisboden
42%
Ah - Bw - Bg - 2C Stagnic Cambisol
39%
Ah - Eg - 2Btg - 2Cw Planosol
38%
Ah1 - Ah2 - Bt - Ck - C Greyic Phaeozem
37%
Ah - Bo - C/Ah - E - Bto - C Nitisol
37%
Ah - EBg - Bv - Cw Plinthosol
31%
Keine übereinstimmenden Quizze gefunden
Verteilung der Resultate
Anzahl Personen mit jedem Resultat
Perzentil nach korrekt beantworteten Fragen
Ihre Resultats-Entwicklung
Sie haben dieses Quiz noch nicht gespielt